000 00558cam a22001457a 4500
008 180718b1996 xxu||||| |||| 00| 0 eng d
082 _aAPPPA 95-96 SHA/V
100 _aSharma, Vijai Lakshmi
245 _aStudy of the working of central administrative tribunal (with special reference to the principal bench at Delhi)
_cby Vijai Lakshmi Sharma
260 _aNew Delhi
_bIndian Institute of Public Administration
_c1996
300 _a76p.
650 _aAPPPA
650 _aAdministrative law - Delhi - India
650 _aAdministrative courts - Delhi - India
999 _c481494
_d481494